000 00399nam a2200133Ia 4500
008 231129s9999||||xx |||||||||||||| ||spa||
020 _a978-958-753-000-1
040 _bspa
082 _aCo861 M375e
100 _aMartán Góngora Helcí­as
245 0 _aEvangelios del hombre y del paisaje. Humano Litoral
264 _aMinisterio de Cultura
942 _2ddc
_cBKS
999 _c13757
_d13757